书目信息 |
| 题名: |
地基处理与基坑支护工程
|
|
| 作者: | 黄生根 主编 | |
| 分册: | ||
| 出版信息: | 武汉 中国地质大学出版社 1997.03 |
|
| 页数: | 264页 | |
| 开本: | 16开 | |
| 丛书名: | ||
| 单 册: | ||
| 中图分类: | TU753 | |
| 科图分类: | ||
| 主题词: | 建筑工程--各种 | |
| 电子资源: | ||
| ISBN: | 7-5625-1141-1 | |
| 000 | 00593nam0 2200193 45 | |
| 001 | 0008091556 | |
| 005 | 20010329101245.8 | |
| 010 | @a7-5625-1141-1@d18.00元 | |
| 100 | @a20000809d1997 km y0chiy0120 ea | |
| 101 | 0 | @achi |
| 105 | @a z 000yy | |
| 200 | 1 | @a地基处理与基坑支护工程@ADi Ji Chu Li Yu Ji Keng Zhi Hu Gong Cheng@f黄生根等主编@FHuang Sheng Gen Deng Zhu Bian |
| 210 | @a武汉@c中国地质大学出版社@d1997.03 | |
| 215 | @a264页@d16开 | |
| 606 | 0 | @a建筑工程@x各种 |
| 690 | @aTU753@v3 | |
| 701 | 0 | @a黄生根@4主编 |
| 801 | @aCN@bPftUser@c20000809 | |
| 905 | @dTU753@eH279-1@b334058-060@f3 | |
| 地基处理与基坑支护工程/黄生根等主编.-武汉:中国地质大学出版社,1997.03 |
| 264页;16开 |
| ISBN 7-5625-1141-1:18.00元 |
| ● |
| 相关链接 |
|
|
|
正题名:地基处理与基坑支护工程
索取号:TU753/H279-1
 
预约/预借
| 序号 | 登录号 | 条形码 | 馆藏地/架位号 | 状态 | 备注 |
| 1 | 334058 | 203340580 | 自科二线404/404自科库 7排1列6层/ [索取号:TU753/H279-1] | 在馆 | |
| 2 | 334059 | 203340599 | 建筑库201/201建筑库 41排6列2层/ [索取号:TU753/H279-1] | 在馆 | |
| 3 | 334060 | 203340606 | 自科二线404/404自科库 7排1列6层/ [索取号:TU753/H279-1] | 在馆 |